000 00389nam a22001577a 4500
008 220524b ||||| |||| 00| 0 eng d
020 _a9789386049872
082 _a294.5922
_bCHM
100 _aChaturvedi Sudhanshu
245 _aMeghdut
_cBy Sudhanshu Chaturvedi
260 _aDelhi
_bShivani Books Agency
_c2021
300 _a328p.
650 _aHISTORY
942 _cBK
999 _c43553
_d43553
041 _ahin